[Event "IX Floripa Chess Open Fort Atacadista"]
[Site "Florianópolis - Santa Catari"]
[Date "2023.01.27"]
[Round "8.228"]
[White "De Almeida, Leticia Moraes"]
[Black "Spagnollo, Pedro Henrique"]
[Result "1/2-1/2"]
[WhiteElo "1731"]
[BlackElo "1379"]
[PlyCount "111"]
[EventDate "2023.01.23"]
[EventRounds "10"]
[EventCountry "BRA"]

1. e4 e6 2. d4 d5 3. exd5 exd5 4. Nf3 Bd6 5. Nc3 Ne7 6. Bg5 c6 7. Bd3 h6 8. Be3
Bf5 9. Ne5 Nd7 10. Nxd7 Qxd7 11. Qd2 O-O-O 12. Na4 Bxd3 13. Qxd3 Qg4 14. g3 Qf3
15. Kd2 Nf5 16. Rhe1 Rhe8 17. Rab1 b5 18. Nc5 Bxc5 19. dxc5 d4 20. Bf4 Qxf2+
21. Re2 Rxe2+ 22. Qxe2 Qxe2+ 23. Kxe2 Rd5 24. b4 a5 25. a3 g5 26. Bd2 Ne7 27.
bxa5 Rxc5 28. Bb4 Re5+ 29. Kd3 c5 30. Be1 Re3+ 31. Kd2 Nd5 32. Rxb5 Nc3 33.
Rxc5+ Kb7 34. Rf5 Re2+ 35. Kd3 Rxe1 36. Kxd4 Nb1 37. Rf6 Rd1+ 38. Kc5 Nxa3 39.
a6+ Ka7 40. c3 Rd7 41. Rxh6 Re7 42. Rf6 Nc2 43. h4 gxh4 44. gxh4 Ne3 45. Kd6
Re4 46. Rxf7+ Kxa6 47. h5 Rh4 48. Rh7 Kb5 49. Ke6 Kc4 50. Kf6 Kxc3 51. Kg5 Rg4+
52. Kf6 Rf4+ 53. Ke6 Rb4 54. Kf6 Kd2 55. h6 Ke2 56. Kg6 1/2-1/2

[Event "IX Floripa Chess Open Fort Atacadista"]
[Site "Florianópolis - Santa Catari"]
[Date "2023.01.27"]
[Round "8.229"]
[White "Zottis, Ernani"]
[Black "Bisconsin, Raul"]
[Result "1-0"]
[WhiteElo "1352"]
[BlackElo "1092"]
[PlyCount "131"]
[EventDate "2023.01.23"]
[EventRounds "10"]
[EventCountry "BRA"]

1. e4 e5 2. Nc3 Nf6 3. Bc4 Nxe4 4. Qh5 d5 5. Bxd5 Nd6 6. Qxe5+ Qe7 7. Qxe7+
Bxe7 8. d3 c5 9. Nf3 O-O 10. h3 Nc6 11. O-O Bd7 12. Bf4 h6 13. Bxd6 Bxd6 14.
Nb5 Bf4 15. Nh4 Ne7 16. Bc4 Rfe8 17. Rfe1 Bd2 18. Rf1 Be6 19. Nc7 Ba5 20. Nxa8
g5 21. Bxe6 gxh4 22. Bc4 Rxa8 23. c3 Re8 24. Bb5 Rd8 25. Rfe1 Kf8 26. Re4 a6
27. Ba4 Rxd3 28. Rxh4 b5 29. Bc2 Rd2 30. Rc1 c4 31. Rxh6 Nd5 32. g3 Bb6 33.
Rxb6 Nxb6 34. h4 Na4 35. Bxa4 bxa4 36. b4 Rxa2 37. f4 f5 38. Kf1 Ra3 39. Ke1
Rb3 40. Kd1 a3 41. Rc2 Rb1+ 42. Kd2 Ke7 43. Ra2 Rb2+ 44. Rxb2 axb2 45. Kc2
b1=Q+ 46. Kxb1 Kd6 47. Kb2 Kd5 48. Kc2 Ke4 49. Kd2 Kf3 50. h5 Kxg3 51. h6 Kxf4
52. h7 Ke4 53. h8=Q f4 54. Qd4+ Kf5 55. Ke2 Kg4 56. Kf2 Kf5 57. Kf3 Kg5 58.
Qxf4+ Kg6 59. Qxc4 a5 60. bxa5 Kf5 61. Qe4+ Kf6 62. a6 Kg5 63. a7 Kf6 64. Kg4
Kg7 65. Kh5 Kf7 66. a8=R 1-0

[Event "IX Floripa Chess Open Fort Atacadista"]
[Site "Florianópolis - Santa Catari"]
[Date "2023.01.27"]
[Round "8.230"]
[White "Motta, Agahta Dos Santos"]
[Black "Cabral, Vivian De Paiva"]
[Result "0-1"]
[WhiteElo "1704"]
[BlackElo "1348"]
[PlyCount "68"]
[EventDate "2023.01.23"]
[EventRounds "10"]
[EventCountry "BRA"]

1. d4 e6 2. c4 Nf6 3. Nc3 d5 4. cxd5 exd5 5. Nf3 Nc6 6. g3 Be6 7. Bg2 h6 8. O-O
Bd6 9. Nd2 Nxd4 10. Qa4+ Nc6 11. e4 dxe4 12. Ndxe4 Nxe4 13. Qxe4 O-O 14. a3 a6
15. b4 Re8 16. Bb2 Rb8 17. Rfd1 Bb3 18. Qd3 Bxd1 19. Rxd1 Be5 20. Qc2 Qe7 21.
Nd5 Qf8 22. Bxe5 Nxe5 23. Qxc7 Nc6 24. Nb6 Qe7 25. Rd7 Qe1+ 26. Bf1 Ne5 27. Rd5
Nf3+ 28. Kg2 Ng5 29. Rd3 Qe6 30. Nd5 Qh3+ 31. Kg1 Re1 32. Qxb8+ Kh7 33. Nc3
Nf3+ 34. Kh1 Qxh2# 0-1

[Event "IX Floripa Chess Open Fort Atacadista"]
[Site "Florianópolis - Santa Catari"]
[Date "2023.01.27"]
[Round "8.231"]
[White "Borba Da Rosa, Rodrigo"]
[Black "Fraga, Sofia Carneiro"]
[Result "1-0"]
[WhiteElo "1304"]
[BlackElo "1850"]
[PlyCount "37"]
[EventDate "2023.01.23"]
[EventRounds "10"]
[EventCountry "BRA"]

1. e4 e5 2. Nf3 Nc6 3. Bb5 a6 4. Bxc6 dxc6 5. c3 Bd6 6. O-O Bg4 7. d4 Qf6 8.
Bg5 Qg6 9. Nbd2 h6 10. Bh4 Qe6 11. Qb3 Qg6 12. Qxb7 Rd8 13. Bxd8 Kxd8 14. Nxe5
Bxe5 15. dxe5 Bd7 16. Nf3 Ne7 17. Rad1 Ke8 18. Qxc7 Qe6 19. Rd6 1-0

[Event "IX Floripa Chess Open Fort Atacadista"]
[Site "Florianópolis - Santa Catari"]
[Date "2023.01.27"]
[Round "8.232"]
[White "Bieging, Luca Jurgen"]
[Black "Carvalho, Eduardo Meireles"]
[Result "0-1"]
[WhiteElo "1290"]
[BlackElo "1812"]
[PlyCount "62"]
[EventDate "2023.01.23"]
[EventRounds "10"]
[EventCountry "BRA"]

1. e4 c6 2. d4 d5 3. e5 Bf5 4. h4 h6 5. Bd3 Bxd3 6. Qxd3 e6 7. Nf3 Nd7 8. O-O
c5 9. c3 c4 10. Qc2 Ne7 11. b3 Nf5 12. g3 g5 13. hxg5 hxg5 14. Bxg5 Be7 15.
Bxe7 Qxe7 16. Nbd2 f6 17. bxc4 Qh7 18. Nh4 fxe5 19. cxd5 Nxh4 20. Qxh7 Rxh7 21.
gxh4 O-O-O 22. f3 exd5 23. dxe5 Nxe5 24. f4 Nd3 25. Rf3 Rg8+ 26. Kf1 Rxh4 27.
Ke2 Nxf4+ 28. Ke3 Re8+ 29. Kd4 Ng6+ 30. Kc5 b6+ 31. Kb5 Kb7 0-1

[Event "IX Floripa Chess Open Fort Atacadista"]
[Site "Florianópolis - Santa Catari"]
[Date "2023.01.27"]
[Round "8.233"]
[White "Lima, Yuri Ramos Santos"]
[Black "Nunes, Alice"]
[Result "1/2-1/2"]
[WhiteElo "1284"]
[BlackElo "1800"]
[PlyCount "87"]
[EventDate "2023.01.23"]
[EventRounds "10"]
[EventCountry "BRA"]

1. d4 d5 2. c4 e6 3. Nc3 Nf6 4. Bg5 Be7 5. Nf3 b6 6. e3 Nbd7 7. Bd3 Bb7 8. O-O
O-O 9. Rc1 c5 10. cxd5 Nxd5 11. Bxe7 Qxe7 12. Re1 Nxc3 13. bxc3 Rad8 14. Qe2
Nf6 15. Ne5 Nd7 16. f4 Nxe5 17. fxe5 f6 18. exf6 Qxf6 19. Rf1 Qg5 20. Bc4 Bd5
21. e4 Bxc4 22. Qxc4 Qe3+ 23. Kh1 Qxe4 24. Rfe1 Qd5 25. Qe2 Rf6 26. Rcd1 Qc6
27. Qe5 Rd6 28. dxc5 Rxd1 29. Rxd1 Rf2 30. Qg3 Qxc5 31. Qb8+ Qf8 32. Qxf8+ Kxf8
33. Kg1 Rxa2 34. Rd7 a5 35. Rd6 Rc2 36. Rxb6 Ke7 37. Rb7+ Kf6 38. Ra7 Rxc3 39.
Rxa5 Rc2 40. Ra7 e5 41. Kf1 h5 42. Ra5 g5 43. Ra8 h4 44. Rf8+ 1/2-1/2

[Event "IX Floripa Chess Open Fort Atacadista"]
[Site "Florianópolis - Santa Catari"]
[Date "2023.01.27"]
[Round "8.234"]
[White "Santana, Luiz Alberto"]
[Black "Nunes, Lilia"]
[Result "1/2-1/2"]
[WhiteElo "1253"]
[BlackElo "1800"]
[PlyCount "56"]
[EventDate "2023.01.23"]
[EventRounds "10"]
[EventCountry "BRA"]

1. d4 d5 2. Nf3 Nf6 3. e3 Bf5 4. b3 Nbd7 5. Bb2 e6 6. Be2 Be7 7. O-O O-O 8.
Nbd2 c5 9. c4 Rc8 10. Rc1 h6 11. a3 Ne4 12. Nxe4 Bxe4 13. Nd2 Bf5 14. Nf3 Nf6
15. dxc5 Bxc5 16. b4 Be7 17. c5 Ne4 18. Nd2 Qd7 19. Nxe4 Bxe4 20. Bd3 Bxd3 21.
Qxd3 b6 22. cxb6 axb6 23. Rb1 Rc4 24. Rbc1 Rfc8 25. Rxc4 Rxc4 26. f4 Qc6 27.
Rf3 Rc2 28. Bd4 Rc1+ 1/2-1/2

[Event "IX Floripa Chess Open Fort Atacadista"]
[Site "Florianópolis - Santa Catari"]
[Date "2023.01.27"]
[Round "8.236"]
[White "Amorim Filho, Robson Bezerra"]
[Black "Seara, Sophia Parisotto"]
[Result "1-0"]
[WhiteElo "1216"]
[BlackElo "1739"]
[PlyCount "33"]
[EventDate "2023.01.23"]
[EventRounds "10"]
[EventCountry "BRA"]

1. e4 e5 2. Nf3 Nc6 3. d4 f6 4. dxe5 fxe5 5. Bb5 Nf6 6. O-O d6 7. Bg5 Be7 8.
Bc4 Nxe4 9. Qd5 Rf8 10. Bxe7 Qxe7 11. Qxe4 Bf5 12. Qh4 Qd7 13. Na3 Ne7 14. Rad1
O-O-O 15. Nxe5 Ng6 16. Nxd7 Nxh4 17. Nxf8 1-0

[Event "IX Floripa Chess Open Fort Atacadista"]
[Site "Florianópolis - Santa Catari"]
[Date "2023.01.27"]
[Round "8.245"]
[White "Pinto, Pedro Daminelli Lag"]
[Black "Abilhoa, Felipe Auer"]
[Result "1-0"]
[WhiteElo "1800"]
[BlackElo "1249"]
[PlyCount "79"]
[EventDate "2023.01.23"]
[EventRounds "10"]
[EventCountry "BRA"]

1. d4 Nf6 2. Bf4 e6 3. e3 d5 4. Nf3 c6 5. Bd3 Bd6 6. Bg3 Bc7 7. c3 O-O 8. Qc2
Re8 9. Nbd2 Nbd7 10. e4 dxe4 11. Nxe4 e5 12. O-O exd4 13. Nxd4 Nf8 14. Bxc7
Qxc7 15. Rfe1 Ng4 16. Nf3 Be6 17. Nfg5 Nf6 18. Nc5 h6 19. Ngxe6 Nxe6 20. Nxe6
Rxe6 21. Rxe6 fxe6 22. Bc4 Re8 23. Qg6 Qf7 24. Qc2 b5 25. Bd3 Qd7 26. Rd1 Qe7
27. h4 h5 28. a4 bxa4 29. Qxa4 Qb7 30. b4 Nd5 31. Ra1 Nxc3 32. Qxa7 Qxb4 33.
Qd7 Qe7 34. Qxc6 Nd5 35. Ra7 Qd8 36. Bg6 Rf8 37. Qxe6+ Kh8 38. Qe5 Qf6 39.
Qxh5+ Kg8 40. Qh7# 1-0

[Event "IX Floripa Chess Open Fort Atacadista"]
[Site "Florianópolis - Santa Catari"]
[Date "2023.01.27"]
[Round "8.246"]
[White "Vieira, Luiza Lessing"]
[Black "Baratieri, Maria Vitoria"]
[Result "1/2-1/2"]
[WhiteElo "1231"]
[BlackElo "1743"]
[PlyCount "58"]
[EventDate "2023.01.23"]
[EventRounds "10"]
[EventCountry "BRA"]

1. d4 d5 2. c4 c6 3. Nc3 Nf6 4. Nf3 dxc4 5. a4 Bf5 6. e3 e6 7. Bxc4 Bb4 8. O-O
Nbd7 9. Qe2 O-O 10. e4 Bg6 11. Bd3 Bh5 12. e5 Nd5 13. Nxd5 cxd5 14. Qe3 Be7 15.
Ng5 Bxg5 16. Qxg5 Bg6 17. Be2 Nb8 18. Qg3 Nc6 19. Rd1 Re8 20. b3 Qb6 21. Bb2
Bc2 22. Rd2 Bxb3 23. Bc3 Qc7 24. Rb2 Bc4 25. h4 Ne7 26. Rc1 Nf5 27. Qg4 Nh6 28.
Qg3 Nf5 29. Qg5 Qd8 1/2-1/2

[Event "IX Floripa Chess Open Fort Atacadista"]
[Site "Florianópolis - Santa Catari"]
[Date "2023.01.27"]
[Round "8.250"]
[White "Furtado, Ian"]
[Black "Nunes, Nicole"]
[Result "0-1"]
[WhiteElo "1584"]
[BlackElo "1014"]
[PlyCount "46"]
[EventDate "2023.01.23"]
[EventRounds "10"]
[EventCountry "BRA"]

1. d4 d5 2. Nc3 Nf6 3. Nf3 e6 4. Bf4 Nbd7 5. e3 c5 6. Bb5 a6 7. Bd3 Be7 8. e4
cxd4 9. Nxd4 e5 10. Nxd5 Nxd5 11. Bxe5 Nxe5 12. exd5 Qa5+ 13. c3 Qxd5 14. O-O
Nxd3 15. Qxd3 O-O 16. Nf5 Qxd3 17. Nxe7+ Kh8 18. Rfd1 Qb5 19. Rd5 Qxb2 20. Rdd1
Be6 21. h3 h6 22. a4 Rad8 23. Rdb1 Qxc3 0-1

[Event "IX Floripa Chess Open Fort Atacadista"]
[Site "Florianópolis - Santa Catari"]
[Date "2023.01.28"]
[Round "9.10"]
[White "Rodrigues, Edgar"]
[Black "Labussiere, Victor"]
[Result "0-1"]
[WhiteElo "2299"]
[BlackElo "2315"]
[PlyCount "112"]
[EventDate "2023.01.23"]
[EventRounds "10"]
[EventCountry "BRA"]

1. d4 d5 2. c4 e6 3. Nc3 a6 4. e3 Nf6 5. Nf3 c5 6. cxd5 exd5 7. dxc5 Bxc5 8.
Be2 O-O 9. O-O Nc6 10. a3 Qd6 11. b4 Ba7 12. b5 Ne7 13. Qb3 Nf5 14. Rd1 Be6 15.
Ng5 Rae8 16. Bf3 Nh4 17. Bxd5 Nxd5 18. Nxd5 Bb8 19. f4 Bg4 20. Qd3 f5 21. Qb3
Kh8 22. Rd4 h6 23. bxa6 Qxa6 24. g3 hxg5 25. gxh4 gxh4 26. Rd2 h3 27. Bb2 Qg6
28. Kf2 Rf7 29. Rg1 Qe6 30. Qb6 Qe4 31. Qh6+ Kg8 32. Bxg7 Qf3+ 33. Ke1 Rxe3+
34. Nxe3 Qxe3+ 35. Kf1 Qf3+ 36. Ke1 Qe4+ 37. Kf2 Qf3+ 38. Ke1 Re7+ 39. Be5 Qe3+
40. Kf1 Qxd2 41. Rxg4+ fxg4 42. Qh8+ Kf7 43. Qf6+ Ke8 44. Qh8+ Kd7 45. Qxb8
Qd1+ 46. Kf2 Qf3+ 47. Ke1 Qc6 48. Qg8 Qh1+ 49. Kd2 Qxh2+ 50. Kd3 Qg3+ 51. Kd4
Qf3 52. Qg6 Qd1+ 53. Kc5 Qc1+ 54. Kd4 Qb2+ 55. Kd5 Qb3+ 56. Kd4 Qe6 0-1

[Event "IX Floripa Chess Open Fort Atacadista"]
[Site "Florianópolis - Santa Catari"]
[Date "2023.01.28"]
[Round "9.11"]
[White "Zampronha, Wladimir Camilo"]
[Black "Rodriguez Vila, Andres"]
[Result "0-1"]
[WhiteElo "2164"]
[BlackElo "2435"]
[PlyCount "106"]
[EventDate "2023.01.23"]
[EventRounds "10"]
[EventCountry "BRA"]

1. e4 d6 2. d4 g6 3. Nc3 c6 4. g3 Bg7 5. Bg2 e5 6. dxe5 dxe5 7. Qxd8+ Kxd8 8.
f4 Nd7 9. Nf3 f6 10. fxe5 Nxe5 11. Nxe5 fxe5 12. Bg5+ Nf6 13. O-O-O+ Ke7 14.
Rd3 Rd8 15. Rxd8 Kxd8 16. h4 Ke7 17. Bh3 Bxh3 18. Rxh3 Ke6 19. Bxf6 Bxf6 20.
Kd2 Be7 21. Ke2 Rd8 22. Rh1 Bc5 23. Rd1 Bd4 24. Rd3 b5 25. Nd1 Rb8 26. c3 Bc5
27. Ne3 a5 28. b3 h5 29. Rd1 Be7 30. Rf1 Rg8 31. Rf3 Ra8 32. Rf1 Ba3 33. Rd1
Bc5 34. Rc1 Bb6 35. Rd1 a4 36. b4 Rg8 37. Rh1 Bd8 38. Rd1 Be7 39. Rb1 Bf8 40.
Rd1 Bh6 41. Rd3 Rc8 42. Rd1 c5 43. Rd5 cxb4 44. cxb4 Rc3 45. Rd3 Rc1 46. Rd5
Ra1 47. Rd2 Rg1 48. Rd5 Rxg3 49. Nd1 Ra3 50. Rxb5 Rxa2+ 51. Kf3 Rd2 52. Nf2 a3
53. Rb6+ Rd6 0-1

[Event "IX Floripa Chess Open Fort Atacadista"]
[Site "Florianópolis - Santa Catari"]
[Date "2023.01.28"]
[Round "9.12"]
[White "Piccoli, Lucas Fonseca"]
[Black "Languidey, Simon Alejandro"]
[Result "1/2-1/2"]
[WhiteElo "2148"]
[BlackElo "2403"]
[PlyCount "79"]
[EventDate "2023.01.23"]
[EventRounds "10"]
[EventCountry "BRA"]

1. e4 c5 2. Nf3 d6 3. d4 cxd4 4. Nxd4 Nf6 5. Nc3 a6 6. Be2 e5 7. Nb3 Be6 8. f4
exf4 9. Bxf4 Nc6 10. O-O Be7 11. Kh1 O-O 12. Bf3 Rc8 13. Nd4 Nxd4 14. Qxd4 b5
15. Rad1 Rc4 16. Qd3 Qc7 17. a3 Rd8 18. Rf2 h6 19. h3 Qc8 20. Bh2 Qc5 21. Rfd2
Qc8 22. Qe3 Ne8 23. Rd3 Rd7 24. Be2 Rc5 25. Bf3 Bg5 26. Qf2 Bf6 27. Bxd6 Rxd6
28. Rxd6 Nxd6 29. Rxd6 Bxc3 30. bxc3 Rxc3 31. Qb6 Qc4 32. Kh2 Rxa3 33. Rd8+ Kh7
34. Qb8 Rxf3 35. gxf3 Qxc2+ 36. Kh1 Qc1+ 37. Kh2 Qc2+ 38. Kh1 Qc1+ 39. Kh2 Qc2+
40. Kh1 1/2-1/2

[Event "IX Floripa Chess Open Fort Atacadista"]
[Site "Florianópolis - Santa Catari"]
[Date "2023.01.28"]
[Round "9.13"]
[White "Heinechen, Juan"]
[Black "Cori T., Deysi"]
[Result "0-1"]
[WhiteElo "2146"]
[BlackElo "2356"]
[PlyCount "114"]
[EventDate "2023.01.23"]
[EventRounds "10"]
[EventCountry "BRA"]

1. e4 e6 2. d4 d5 3. Nd2 c5 4. exd5 Qxd5 5. dxc5 Nf6 6. Ngf3 Qxc5 7. Bd3 Nbd7
8. Qe2 Qc7 9. Nb3 Nd5 10. Nbd4 Nf4 11. Nb5 Qa5+ 12. Bd2 Bb4 13. Bxb4 Qxb4+ 14.
c3 Qxb2 15. Qxb2 Nxd3+ 16. Ke2 Nxb2 17. Nc7+ Ke7 18. Nxa8 Nc5 19. Nc7 Bd7 20.
a4 Nbxa4 21. Ne5 a6 22. c4 Rc8 23. Nxd7 Kxd7 24. Nxa6 bxa6 25. Kf3 Kc6 26. Rhd1
Nb2 27. Rd2 Nxc4 28. Rc2 Ne5+ 29. Ke3 Ra8 30. Kd4 Ned7 31. Ra5 Kd6 32. Rcxc5
Nxc5 33. Rxc5 a5 34. Rc3 e5+ 35. Kd3 a4 36. Kc2 a3 37. Rd3+ Ke6 38. Rd1 Rb8 39.
Kc3 Rb2 40. Rf1 e4 41. g3 f5 42. h3 Kf6 43. g4 f4 44. Kd4 a2 45. Ra1 Rxf2 46.
Kxe4 Kg5 47. Rg1 Re2+ 48. Kd3 Re3+ 49. Kc2 Rxh3 50. Kb2 Rh2+ 51. Ka1 f3 52. Rd1
Kf4 53. g5 f2 54. Rf1 Ke3 55. g6 Ke2 56. gxh7 Kxf1 57. h8=Q Rxh8 0-1

[Event "IX Floripa Chess Open Fort Atacadista"]
[Site "Florianópolis - Santa Catari"]
[Date "2023.01.28"]
[Round "9.14"]
[White "Almiron, Antonio"]
[Black "Moura, Eduardo Eugenio Cha"]
[Result "1/2-1/2"]
[WhiteElo "2334"]
[BlackElo "2127"]
[PlyCount "104"]
[EventDate "2023.01.23"]
[EventRounds "10"]
[EventCountry "BRA"]

1. d4 d6 2. Nf3 Nf6 3. c4 Nbd7 4. Nc3 e5 5. e4 Be7 6. Be2 O-O 7. O-O c6 8. Qc2
a6 9. Rd1 Qc7 10. Rb1 b5 11. b4 bxc4 12. Bxc4 exd4 13. Nxd4 Ne5 14. Be2 c5 15.
bxc5 dxc5 16. Nd5 Nxd5 17. exd5 Bd6 18. Nf5 Bxf5 19. Qxf5 Rfe8 20. Bf1 Ng6 21.
g3 c4 22. Qc2 Rac8 23. Bh3 Rcd8 24. Be3 Rxe3 25. fxe3 Ne5 26. Kh1 h5 27. Rd4
Bc5 28. Rxc4 Nxc4 29. Qxc4 Qe5 30. Bg2 Qxe3 31. Qxa6 Rd6 32. Qc4 g6 33. Rf1 Bd4
34. Rd1 Bc5 35. Qe4 Qxe4 36. Bxe4 Ra6 37. Rc1 Ra5 38. Rc4 Kf8 39. Bc2 Ke7 40.
Re4+ Kd6 41. Bb3 Ra7 42. Re8 Re7 43. Rc8 Rc7 44. Rxc7 Kxc7 45. d6+ Bxd6 46.
Bxf7 h4 47. gxh4 Be7 48. Kg2 Bxh4 49. Bxg6 Kd6 50. Kh3 Be1 51. Kg4 Ke7 52. Kh5
Kf8 1/2-1/2

[Event "IX Floripa Chess Open Fort Atacadista"]
[Site "Florianópolis - Santa Catari"]
[Date "2023.01.28"]
[Round "9.15"]
[White "Calcado, Acyr Rogerio"]
[Black "Menna Barreto, Felipe Kubiaki"]
[Result "0-1"]
[WhiteElo "2106"]
[BlackElo "2305"]
[PlyCount "76"]
[EventDate "2023.01.23"]
[EventRounds "10"]
[EventCountry "BRA"]

1. e4 c5 2. Nf3 e6 3. d4 cxd4 4. Nxd4 Nc6 5. Nc3 Qc7 6. Be3 a6 7. Qd2 Nf6 8. f3
b5 9. g4 Bb7 10. O-O-O h6 11. Nxc6 Qxc6 12. Bd3 Bb4 13. Bd4 Qd6 14. Be2 e5 15.
Be3 Qe6 16. Qd3 Bxc3 17. Qxc3 d5 18. Qc7 Qe7 19. Qxe7+ Kxe7 20. exd5 Nxd5 21.
Bd2 g5 22. Rhe1 f6 23. Bd3 Nf4 24. Bb4+ Kf7 25. Bf5 Rad8 26. Ba5 Rxd1+ 27. Rxd1
Ne2+ 28. Kb1 Nd4 29. Be4 Bxe4 30. fxe4 h5 31. h3 hxg4 32. hxg4 Rh4 33. c3 Nc6
34. Bc7 Rxg4 35. Rd6 Ne7 36. Rxa6 Rxe4 37. Ra7 Ke6 38. Bd8 Nd5 0-1

[Event "IX Floripa Chess Open Fort Atacadista"]
[Site "Florianópolis - Santa Catari"]
[Date "2023.01.28"]
[Round "9.16"]
[White "De Carvalho, Vitor Augusto Ponci"]
[Black "Tomiello, Lucas Costamilan"]
[Result "1/2-1/2"]
[WhiteElo "2097"]
[BlackElo "2263"]
[PlyCount "60"]
[EventDate "2023.01.23"]
[EventRounds "10"]
[EventCountry "BRA"]

1. e4 c5 2. Nf3 Nc6 3. g3 g6 4. Bg2 Bg7 5. O-O d6 6. c3 e5 7. Na3 Nge7 8. Nc2
O-O 9. d4 exd4 10. cxd4 Bg4 11. d5 Ne5 12. Nce1 f5 13. Qc2 Nxf3+ 14. Nxf3 Bxf3
15. Bxf3 fxe4 16. Qxe4 Nf5 17. Bg4 Qf6 18. Bf4 Rae8 19. Qd3 Nd4 20. Rae1 g5 21.
Rxe8 Rxe8 22. Bd2 Qf7 23. Bxg5 Qxd5 24. h4 Qe4 25. Qxe4 Rxe4 26. f3 Re2 27. Rf2
Re1+ 28. Rf1 Re2 29. Rf2 Re1+ 30. Rf1 Re2 1/2-1/2

[Event "IX Floripa Chess Open Fort Atacadista"]
[Site "Florianópolis - Santa Catari"]
[Date "2023.01.28"]
[Round "9.17"]
[White "Souza, Rafael Cabral De"]
[Black "Cominato Neto, Jose Luis"]
[Result "0-1"]
[WhiteElo "2096"]
[BlackElo "2260"]
[PlyCount "48"]
[EventDate "2023.01.23"]
[EventRounds "10"]
[EventCountry "BRA"]

1. c4 f5 2. g3 Nf6 3. Bg2 e5 4. Nc3 d6 5. d3 Be7 6. e3 O-O 7. Nge2 Qe8 8. d4 c6
9. c5 e4 10. cxd6 Bxd6 11. d5 c5 12. O-O Ng4 13. f3 exf3 14. Rxf3 a6 15. e4 c4
16. Qf1 Bc5+ 17. Kh1 Nd7 18. h3 Nde5 19. Rf4 g5 20. Rxf5 Bxf5 21. exf5 Nf2+ 22.
Kh2 Qh5 23. Na4 Neg4+ 24. Kg1 Nxh3+ 0-1

[Event "IX Floripa Chess Open Fort Atacadista"]
[Site "Florianópolis - Santa Catari"]
[Date "2023.01.28"]
[Round "9.18"]
[White "Ribeiro, Matheus Mendes Domi"]
[Black "Kim, Thiago"]
[Result "1-0"]
[WhiteElo "2250"]
[BlackElo "1980"]
[PlyCount "145"]
[EventDate "2023.01.23"]
[EventRounds "10"]
[EventCountry "BRA"]

1. c4 c5 2. Nf3 Nf6 3. Nc3 d5 4. cxd5 Nxd5 5. e4 Nb4 6. Bc4 Nd3+ 7. Ke2 Nf4+ 8.
Kf1 Ne6 9. b4 g6 10. bxc5 Bg7 11. Bxe6 Bxe6 12. d4 Bc4+ 13. Kg1 Qa5 14. Bb2 O-O
15. Qa4 Qxa4 16. Nxa4 Nd7 17. h3 e5 18. Kh2 exd4 19. Bxd4 Bb5 20. Nc3 Bc6 21.
Rhd1 Rfd8 22. Rac1 Bxd4 23. Nxd4 Nxc5 24. f3 Rac8 25. Nxc6 bxc6 26. Rxd8+ Rxd8
27. Nb1 Ne6 28. Rxc6 Rb8 29. Na3 Rb4 30. Nc4 Ra4 31. a3 Kf8 32. e5 Ke7 33. Ne3
Rxa3 34. Nd5+ Kf8 35. Nf6 Kg7 36. Rc8 Nf8 37. Ne8+ Kg8 38. Nd6 Re3 39. f4 f6
40. Nc4 Re4 41. Kg3 fxe5 42. Nxe5 g5 43. Kg4 Rxf4+ 44. Kxg5 Rf2 45. g4 Rd2 46.
Ra8 Rd5 47. Kf5 Ra5 48. Rb8 Rc5 49. Kf6 Rc7 50. h4 a5 51. Ra8 Rb7 52. Rxa5 Rb4
53. Ra8 Rb6+ 54. Kf5 Rb7 55. g5 Rc7 56. h5 Rb7 57. h6 Rc7 58. g6 hxg6+ 59. Nxg6
Rf7+ 60. Kg5 Rf1 61. Nxf8 Rg1+ 62. Kf4 Rf1+ 63. Kg3 Rh1 64. Nd7+ Kf7 65. Ne5+
Kf6 66. Ng4+ Kg6 67. Rg8+ Kf7 68. Rg7+ Kf8 69. Ra7 Kg8 70. Kf4 Rb1 71. Nf6+ Kf8
72. Ra8+ Kf7 73. h7 1-0

[Event "IX Floripa Chess Open Fort Atacadista"]
[Site "Florianópolis - Santa Catari"]
[Date "2023.01.28"]
[Round "9.19"]
[White "Barrientos, Ernesto"]
[Black "Viana Da Costa, Fernando"]
[Result "1/2-1/2"]
[WhiteElo "1934"]
[BlackElo "2241"]
[PlyCount "70"]
[EventDate "2023.01.23"]
[EventRounds "10"]
[EventCountry "BRA"]

1. e4 g6 2. d4 Bg7 3. Nc3 c5 4. Nf3 cxd4 5. Nxd4 Nc6 6. Be3 Nf6 7. Bc4 Qa5 8.
O-O O-O 9. Bb3 d6 10. h3 Bd7 11. f4 Nxd4 12. Bxd4 Bc6 13. Qd3 Nd7 14. Bxg7 Kxg7
15. Nd5 Qc5+ 16. Rf2 e6 17. Qc3+ Qxc3 18. Nxc3 Nc5 19. Rd1 Rfd8 20. Rfd2 Bxe4
21. Rxd6 Rxd6 22. Rxd6 Bc6 23. Bc4 Rc8 24. Rd4 a6 25. Kf2 Kf6 26. Be2 b5 27.
Bf3 Ke7 28. a3 Be8 29. Ke3 Rc7 30. Kd2 f5 31. g3 h6 32. h4 Bc6 33. Bxc6 Rxc6
34. Ke3 Nb7 35. a4 bxa4 1/2-1/2

[Event "IX Floripa Chess Open Fort Atacadista"]
[Site "Florianópolis - Santa Catari"]
[Date "2023.01.28"]
[Round "9.20"]
[White "Gauche, Charles"]
[Black "Cordero, Daniela"]
[Result "1-0"]
[WhiteElo "2211"]
[BlackElo "2027"]
[PlyCount "77"]
[EventDate "2023.01.23"]
[EventRounds "10"]
[EventCountry "BRA"]

1. f4 d5 2. Nf3 c5 3. e3 Nf6 4. b3 Bf5 5. Bb2 Nc6 6. Bb5 Qb6 7. Ba4 Qa6 8. c4
dxc4 9. bxc4 Qxc4 10. Ne5 Qd5 11. O-O e6 12. Nxc6 bxc6 13. Bxf6 gxf6 14. Nc3
Qd6 15. Qf3 Rc8 16. e4 Bg6 17. f5 Qd4+ 18. Kh1 Bd6 19. g3 Be5 20. Rad1 Ke7 21.
Bb3 Rcd8 22. Ne2 Qb2 23. fxg6 hxg6 24. d3 Rh3 25. Rf2 Rdh8 26. Kg1 R3h6 27. Qe3
Qa3 28. d4 cxd4 29. Nxd4 Qa6 30. Qd3 Qb6 31. Nxe6 Qb7 32. Nc5 Qc7 33. Qd7+ Kf8
34. Qd8+ Qxd8 35. Rxd8+ Kg7 36. Rd7 g5 37. Bxf7 g4 38. Ne6+ Kh7 39. Bh5+ 1-0

[Event "IX Floripa Chess Open Fort Atacadista"]
[Site "Florianópolis - Santa Catari"]
[Date "2023.01.28"]
[Round "9.22"]
[White "Jodorcovsky, Alejandro David"]
[Black "Zacarias, M Ruben D"]
[Result "1/2-1/2"]
[WhiteElo "1808"]
[BlackElo "2176"]
[PlyCount "71"]
[EventDate "2023.01.23"]
[EventRounds "10"]
[EventCountry "BRA"]

1. e4 c5 2. Nc3 Nc6 3. Bb5 Nd4 4. Nf3 g6 5. Nxd4 cxd4 6. Ne2 Bg7 7. O-O a6 8.
Ba4 e6 9. c3 b5 10. Bc2 e5 11. cxd4 exd4 12. d3 Ne7 13. Bb3 d5 14. f3 O-O 15.
Bg5 Bb7 16. Qd2 Kh8 17. Bh6 Qb6 18. Bxg7+ Kxg7 19. Nf4 Rfd8 20. Qf2 a5 21. Qh4
Qf6 22. Qg3 Kh8 23. Rac1 a4 24. Bxd5 Bxd5 25. Nxd5 Nxd5 26. exd5 Rxd5 27. Rfe1
Rg5 28. Qh3 Qf4 29. Rc2 Re5 30. Re4 Rxe4 31. fxe4 Kg7 32. Qf3 Qe5 33. g3 Qe6
34. a3 Rc8 35. Qf2 Rxc2 36. Qxc2 1/2-1/2

[Event "IX Floripa Chess Open Fort Atacadista"]
[Site "Florianópolis - Santa Catari"]
[Date "2023.01.28"]
[Round "9.23"]
[White "Matsuura, Everaldo"]
[Black "De Siqueira, Luigy Lira"]
[Result "1-0"]
[WhiteElo "2426"]
[BlackElo "2011"]
[PlyCount "69"]
[EventDate "2023.01.23"]
[EventRounds "10"]
[EventCountry "BRA"]

1. e4 e5 2. Nf3 Nc6 3. Bb5 a6 4. Ba4 Nf6 5. O-O Nxe4 6. d4 b5 7. Bb3 d5 8. dxe5
Be6 9. Qe2 Be7 10. Rd1 Nc5 11. Bxd5 Bxd5 12. Nc3 Bxf3 13. Qxf3 Nxe5 14. Rxd8+
Rxd8 15. Qe2 Nc6 16. Bg5 Ne6 17. Bxe7 Nxe7 18. Rd1 O-O 19. Rxd8 Rxd8 20. g3 Nc6
21. Kg2 Ncd4 22. Qe4 Nc5 23. Qe7 Nce6 24. Ne4 Nf5 25. Qa3 Nd6 26. Nc3 Ra8 27.
Nd5 Nc4 28. Qe7 Rc8 29. b3 Ne5 30. Qa3 Ra8 31. f4 Nc6 32. f5 Ned4 33. c3 Nxf5
34. Qc5 Ne5 35. Nxc7 1-0